000 00712cab a2200241 4500
001 WB3308-11
008 090401t1997 xxu||||| |||| 00| 0 eng d
035 _a(Sirsi) u55458
041 _aeng
245 _aIndustry gears up to meet Labour victory
260 _c1997
350 _a0
490 _aProperty Week
_v58(6) 14 February 1997, 2(1)
520 _aThe RICS Policy Unit has produced a checklist of Labour Party proposals which will affect the property industry if Labour wins.
650 _aGENERAL ELECTION
650 _aLABOUR PARTY
650 _aPROPERTY INDUSTRY
650 _aRICS POLICY UNIT
650 _aRICS
690 _aECONOMIC AND SOCIAL
942 _n0
948 _c04/03/1997
999 _c33880
_d33880